Call of Duty Zombies Perks by Icon - Statistics

General Stats
  • This quiz has been taken 72 times
    30 since last reset
  • The average score is 20 of 61
Answer Stats
Picture Hint Answer % Correct
Juggernog
100%
Deadshot Daiquiri
95%
Quick Revive
95%
Double Tap Rootbeer
89%
Mule Kick
89%
Speed Cola
89%
Stamin-Up
89%
Electric Cherry
84%
PhD Flopper
84%
Tombstone Soda
84%
Vulture Aid Elixir
79%
Who’s Who
79%
Widow’s Wine
79%
Double Tap Rootbeer
68%
Death Perception
47%
Timeslip
47%
Deadshot Dealer
42%
Dying Wish
37%
Elemental Pop
37%
PhD Slider
37%
Infinite Warfare Quickies
32%
Secret Sauce
32%
Bandolier Bandit
26%
Blaze Phase
26%
Infinite Warfare Deadeye Dewdrops
26%
Melee Macchiato
26%
Stone Cold Stronghold
26%
Winter’s Wail
26%
Zombshell
26%
Blood Wolf Bite
21%
Infinite Warfare Bombstoppers
21%
Infinite Warfare Change Chews
21%
Der Wunderfizz
21%
Electric Burst
21%
Infinite Warfare Mule Munchies
21%
Victorious Tortoise
21%
Wisp Tea
21%
Ethereal Razor
16%
Infinite Warfare Up 'N Atoms
16%
Infinite Warfare Bang Bangs
11%
Infinite Warfare Blue Bolts
11%
Exo Zombies Exo Health
11%
Exo Zombies Exo Reload
11%
Infinite Warfare Racin' Stripes
11%
Infinite Warfare Slappy Taffy
11%
Infinite Warfare Trail Blazers
11%
Infinite Warfare Tuff 'Nuff
11%
Exo Zombies Exo Medic
5%
Exo Zombies Exo Slam
5%
Exo Zombies Exo Soldier
5%
Vanguard Aethereal Haste
0%
Vanguard Demonic Frenzy
0%
Vanguard Diabolical Damage
0%
World War 2 Faustblitz
0%
Vanguard Fiendish Fortitude
0%
World War 2 Kugelblitz
0%
World War 2 Laufenblitz
0%
World War 2 Lebenblitz
0%
World War 2 Schildblitz
0%
World War 2 Schnellblitz
0%
Vanguard Venomous Vigor
0%
No matching quizzes found
Score Distribution
Percent of People with Each Score
Percentile by Number Answered
Your Score History
You have not taken this quiz since the last reset